000 00664nam a2200229Ia 4500
003 OSt
005 20220926014829.0
006 a|||||r|||| 00| 0
007 ta
008 220923b |||||||| |||| 00| 0 eng d
037 _cGeneral Book
040 _aRTL
_cRTL
_beng
041 _2eng
_aeng
082 _aX:3M24xM18, G2/SC
100 _aMARX Karl
_922872
245 0 _aCapital the communist manifesto and other writings
260 _aNew York
_bModern library
_c1932
300 _axxvi,429p.
_ccm.
700 _a EASTMAN Max
_953410
942 _hX:3M24xM18, G2/SC
_cGB
_2CC
999 _c629949
_d629949